| Tag |
First Indicator |
Second Indicator |
Subfields |
| LEADER |
00000cam a2200000 a 4500 |
| 001 |
in00000972793 |
| 005 |
20150927111232.0 |
| 008 |
900221r19901988utuaf 00010 eng |
| 010 |
|
|
|a 90006934
|
| 020 |
|
|
|a 0879053186 :
|c $19.95
|
| 035 |
|
|
|a (OCoLC)21195198
|
| 035 |
|
|
|9 AEW0831AM
|
| 040 |
|
|
|a DLC
|c DLC
|d TXA
|d UtOrBLW
|
| 043 |
|
|
|a ah-----
|
| 049 |
|
|
|a TXAM
|
| 050 |
0 |
0 |
|a GV199.44.H55
|b C49 1990
|
| 082 |
0 |
0 |
|a 796.5/22/095496
|2 20
|
| 100 |
1 |
|
|a Child, Greg.
|
| 245 |
1 |
0 |
|a Thin air :
|b encounters in the Himalayas /
|c Greg Child.
|
| 250 |
|
|
|a 1st U.S. ed.
|
| 264 |
|
1 |
|a Salt Lake City :
|b Peregrine Smith Books,
|c [1990]
|
| 264 |
|
4 |
|c ©1988
|
| 300 |
|
|
|a 192 pages, 32 unnumbered pages of plates :
|b color illustrations ;
|c 24 cm.
|
| 336 |
|
|
|a text
|b txt
|2 rdacontent
|
| 337 |
|
|
|a unmediated
|b n
|2 rdamedia
|
| 338 |
|
|
|a volume
|b nc
|2 rdacarrier
|
| 500 |
|
|
|a Reprint. Originally published: Wellingborough, Northamptonshire, England : Thorsons Pub. Group, 1988.
|
| 650 |
|
0 |
|a Mountaineering
|z Himalaya Mountains.
|
| 651 |
|
0 |
|a Himalaya Mountains
|x Description and travel.
|
| 999 |
|
|
|a MARS
|
| 999 |
f |
f |
|s d3d11128-4cba-3f75-8bd1-7b137441413b
|i 9e42f035-cd86-3474-a33c-db9022c7ecb4
|t 0
|
| 952 |
f |
f |
|p normal
|a Texas A&M University
|b College Station
|c Sterling C. Evans Library
|d Evans: Library Stacks
|t 0
|e GV199.44.H55 C49 1990
|h Library of Congress classification
|i unmediated -- volume
|m A14814036329
|
| 998 |
f |
f |
|a GV199.44.H55 C49 1990
|t 0
|l Evans: Library Stacks
|